Propuesta local como producto eco turístico en el Cañón de Somoto

La investigación presenta los principales factores que propician el desarrollo eco turístico; con la finalización de la estrategia de conservación para el desarrollo sostenible de Nicaragua, el turismo naturalista o ecoturismo, resalta como una nueva opción de desarrollo, conservación, dentro...

Full description

Bibliographic Details
Main Author: Urbina Guerrero, Rafael José
Other Authors: Tutor: Mendoza Velásquez, Francisco Antonio
Format: Tesis Section = Libro
Language:Undetermined
Spanish
Published: Managua UNI 2016
Subjects:
LEADER 01154nam a2200241Ia 4500
008 240830s9999 xx 000 0 und d
040 |a BIBLIOTECA-RUSB/ Mon 728.5 U73 
041 |a spa 
082 |a Mon 728.5 U73 
100 1 |a Urbina Guerrero, Rafael José 
245 1 0 |a Propuesta local como producto eco turístico en el Cañón de Somoto 
260 |a Managua  |b UNI  |c 2016 
300 |a 157 p. :il. 
500 |a Contiene: anexos. 
502 |a Tesis (Arquitecto) - UNI, 2016. 
520 3 |a La investigación presenta los principales factores que propician el desarrollo eco turístico; con la finalización de la estrategia de conservación para el desarrollo sostenible de Nicaragua, el turismo naturalista o ecoturismo, resalta como una nueva opción de desarrollo, conservación, dentro del concepto de que es una actividad económicamente viable y ambientalmente sostenible. 
650 7 |a ARQUITECTURA - DISEÑOS Y PLANOS 
650 7 |b  HOTELES ECOTURISTICOS - SOMOTO - MADRID 
650 7 |c  TURISMO -SOSTENIBLE -NICARAGUA 
700 1 |a Tutor:  |b Mendoza Velásquez, Francisco Antonio 
942 |c BK  |2 ddc 
991 |a TESIS 
999 |c 21512